The rule of law (Record no. 4095)
[ view plain ]
| 000 -LEADER | |
|---|---|
| fixed length control field | 00557nam a2200217 4500 |
| 005 - DATE AND TIME OF LATEST TRANSACTION | |
| control field | 20231127100509.0 |
| 008 - FIXED-LENGTH DATA ELEMENTS--GENERAL INFORMATION | |
| fixed length control field | 231117b2017 |||||||| |||| 00| 0 eng d |
| 020 ## - ISBN | |
| ISBN | 978952938492 |
| 041 ## - LANGUAGE | |
| Language code of text/sound track or separate title | English |
| 080 ## - UNIVERSAL DECIMAL CLASSIFICATION NUMBER | |
| Classification Number | 340 |
| Call Number | HAL |
| 942 ## - ADDED ENTRY ELEMENTS (KOHA) | |
| Item Type | Thesis |
| 100 ## - MAIN ENTRY--PERSONAL NAME | |
| Personal Author | Hallberg, Pekka |
| 245 ## - TITLE STATEMENT | |
| Title | The rule of law |
| 260 ## - PUBLICATION, DISTRIBUTION, ETC. (IMPRINT) | |
| Place of Publication | Helsinki: |
| Name of Publisher | Edita, |
| Date of Copyright | 2004 |
| 300 ## - PHYSICAL DESCRIPTION | |
| Extent | 280 p.: ill.; 26 cm |
| Physical Details | Bibliography included |
| 502 ## - DISSERTATION NOTE | |
| Name of granting institution | SITRA |
| 650 ## - SUBJECT ADDED ENTRY--TOPICAL TERM | |
| Topical Term | Legal comparison |
| 650 ## - SUBJECT ADDED ENTRY--TOPICAL TERM | |
| Topical Term | Sustainable development |
| 650 ## - SUBJECT ADDED ENTRY--TOPICAL TERM | |
| Topical Term | Good governance |
| 650 ## - SUBJECT ADDED ENTRY--TOPICAL TERM | |
| Topical Term | Principle of legality |
| Withdrawn status | Lost status | Source of classification or shelving scheme | Damaged status | Not for loan | Permanent location | Current location | Date acquired | Total Checkouts | Full call number | Barcode | Date last seen | Price effective from | Koha item type |
|---|---|---|---|---|---|---|---|---|---|---|---|---|---|
| Dewey Decimal Classification | Resource center, Muslim Women's Research And Action Forum | Resource center, Muslim Women's Research And Action Forum | 2023-11-17 | 340 HAL | RAF3046 | 2023-11-17 | 2023-11-17 | Thesis |

